[Event "10. OSIJEK OPEN"]
[Site "Osijek"]
[Date "2017.02.23"]
[Round "2.1"]
[White "Vurdelja, Slavko"]
[Black "Stocko, Josip"]
[Result "0-1"]
[WhiteElo "1914"]
[BlackElo "2348"]
[PlyCount "166"]
[EventDate "2017.02.23"]

1. e4 c5 2. Nf3 d6 3. d4 cxd4 4. Nxd4 Nf6 5. Nc3 a6 6. Be2 e6 7. Be3 Be7 8. O-O
O-O 9. f4 Qc7 10. Qd2 Nbd7 11. Bf3 Rd8 12. Qf2 Nc5 13. Nb3 Nfd7 14. Rad1 Rb8
15. g4 b5 16. f5 Na4 17. fxe6 fxe6 18. Nd4 Ne5 19. Nxa4 bxa4 20. b3 Rf8 21. Qe2
Bd7 22. Bg2 Qc3 23. h3 a5 24. Kh1 Qb2 25. Rxf8+ Rxf8 26. c4 Qxe2 27. Nxe2 axb3
28. axb3 Rb8 29. Bd4 Nc6 30. Rd3 Nxd4 31. Nxd4 Kf7 32. Kh2 Bd8 33. Nf3 Ke7 34.
h4 Rb4 35. Nd2 a4 36. bxa4 Bxa4 37. Kg3 Rb2 38. Kf3 Bd1+ 39. Ke3 Bxg4 40. Bf3
Bb6+ 41. Kf4 Bxf3 42. Kxf3 Ba5 43. Nb3 Be1 44. c5 dxc5 45. Nxc5 Rf2+ 46. Kg4
Rh2 47. h5 Bb4 48. Na6 Bd6 49. Rb3 Rg2+ 50. Kh3 Rc2 51. Kg4 Rc4 52. Kf3 Rc8 53.
Rb5 Kf6 54. Nb4 Rc3+ 55. Ke2 Rh3 56. Nc6 Bf4 57. Kf2 Rc3 58. e5+ Kg5 59. Nd8
Kf5 60. Ra5 Be3+ 61. Ke2 Bb6 62. Ra8 Bxd8 63. Rxd8 Rg3 64. h6 gxh6 65. Rd7 Kxe5
66. Rxh7 Rh3 67. Kf2 Ke4 68. Kg2 Rh5 69. Kg3 e5 70. Re7 Rf5 71. Re6 h5 72. Re8
Ke3 73. Ra8 Rg5+ 74. Kh4 Kf4 75. Ra5 Rg8 76. Kxh5 e4 77. Ra7 e3 78. Rf7+ Kg3
79. Re7 Kf2 80. Rf7+ Ke1 81. Re7 e2 82. Kh4 Rg1 83. Kh3 Kd2 0-1

[Event "10. OSIJEK OPEN"]
[Site "Osijek"]
[Date "2017.02.23"]
[Round "2.2"]
[White "Bender, Ivan"]
[Black "Golubicic, Luka"]
[Result "1-0"]
[WhiteElo "2240"]
[BlackElo "1913"]
[PlyCount "105"]
[EventDate "2017.02.23"]

1. Nf3 d5 2. d4 Nf6 3. c4 e6 4. g3 Be7 5. Bg2 c6 6. O-O O-O 7. Nc3 Nbd7 8. Qd3
Re8 9. e4 dxe4 10. Nxe4 Nxe4 11. Qxe4 Nf6 12. Qe3 Bf8 13. b3 Qc7 14. Bb2 b6 15.
Ne5 Bb7 16. Qf3 Rac8 17. Rac1 Ba8 18. c5 b5 19. g4 Nd5 20. g5 g6 21. Rfe1 Bg7
22. Re4 Qe7 23. Qg3 Rcd8 24. Rce1 Bb7 25. Rh4 f5 26. gxf6 Bxf6 27. Rhe4 Qg7 28.
Bh3 Nc7 29. Bc3 Rf8 30. Rg4 Bxe5 31. Rxe5 Rd5 32. Rge4 Rxe5 33. Rxe5 Bc8 34.
Bd2 Qf7 35. Bh6 Rd8 36. Qh4 Re8 37. Qe4 Bd7 38. Bf4 Nd5 39. Bg3 Nc3 40. Qc2 Nd5
41. Qe4 Nc3 42. Qe1 b4 43. a3 a5 44. axb4 axb4 45. Bg4 Nd5 46. h4 h5 47. Bh3
Nf4 48. Bf1 Nd5 49. Bc4 Nc3 50. Rg5 Nd5 51. Qe2 Kh7 52. Bd3 Ne7 53. Qxh5+ 1-0

[Event "10. OSIJEK OPEN"]
[Site "Osijek"]
[Date "2017.02.23"]
[Round "2.3"]
[White "Brkic, Valent"]
[Black "Ljikar, Zoran"]
[Result "0-1"]
[WhiteElo "1911"]
[BlackElo "2212"]
[PlyCount "77"]
[EventDate "2017.02.23"]

1. c4 e5 2. Nc3 Nc6 3. Nf3 g6 4. d4 Bg7 5. Bg5 f6 6. Be3 d6 7. g3 Nge7 8. dxe5
fxe5 9. Bg2 O-O 10. O-O h6 11. Bd2 Be6 12. b3 Qd7 13. Rc1 Rf7 14. Ne4 Bh3 15.
Bxh3 Qxh3 16. Neg5 hxg5 17. Nxg5 Qd7 18. Nxf7 Kxf7 19. Bc3 Rh8 20. f4 Ke8 21.
e4 Qh3 22. Qe2 Rg8 23. Qf2 Rf8 24. b4 Bh6 25. Bd2 Qg4 26. Qf3 Qxf3 27. Rxf3 Nd4
28. Rf2 exf4 29. gxf4 Bxf4 30. Rcf1 g5 31. h4 Ng6 32. Bxf4 gxf4 33. h5 Ne5 34.
Rd1 c5 35. bxc5 dxc5 36. h6 Rh8 37. Rb2 b6 38. a4 Rxh6 39. a5 0-1

[Event "10. OSIJEK OPEN"]
[Site "Osijek"]
[Date "2017.02.23"]
[Round "2.4"]
[White "Babic, Radoslav"]
[Black "Benes, Miodrag"]
[Result "1-0"]
[WhiteElo "2212"]
[BlackElo "1892"]
[PlyCount "103"]
[EventDate "2017.02.23"]

1. d4 Nf6 2. Nf3 g6 3. g3 Bg7 4. Bg2 O-O 5. O-O d6 6. c4 c5 7. d5 Na6 8. Nc3
Rb8 9. e4 Bg4 10. h3 Bxf3 11. Bxf3 Ne8 12. h4 Nec7 13. a4 Nb4 14. h5 a6 15. a5
b5 16. axb6 Rxb6 17. Kg2 e6 18. Rh1 Qf6 19. Be3 exd5 20. exd5 Rbb8 21. Qd2 Qd8
22. Bh6 Qf6 23. Bxg7 Qxg7 24. Ne4 Rb6 25. hxg6 fxg6 26. Rae1 Nbxd5 27. cxd5
Rxb2 28. Qc3 Qxc3 29. Nxc3 Rb3 30. Re3 Nb5 31. Ne4 c4 32. Ng5 Nd4 33. Bg4 Rxe3
34. fxe3 Nf5 35. Bxf5 Rxf5 36. Ne4 Kg7 37. Rd1 Re5 38. Kf3 Rf5+ 39. Ke2 Rh5 40.
Nxd6 Rh2+ 41. Kf3 c3 42. Rc1 c2 43. Ne4 a5 44. Nf2 g5 45. Rxc2 h5 46. d6 Kf7
47. Rd2 Ke8 48. d7+ Kd8 49. e4 h4 50. g4 h3 51. e5 a4 52. e6 1-0

[Event "10. OSIJEK OPEN"]
[Site "Osijek"]
[Date "2017.02.23"]
[Round "2.5"]
[White "Lucan, Darko"]
[Black "Grandic, Zvjezdan"]
[Result "0-1"]
[WhiteElo "1900"]
[BlackElo "2201"]
[PlyCount "92"]
[EventDate "2017.02.23"]

1. e4 d6 2. d4 Nf6 3. Bd3 g6 4. Ne2 Bg7 5. c3 O-O 6. f3 Nfd7 7. Be3 c5 8. Qd2
Nc6 9. Bh6 Qb6 10. Bxg7 Kxg7 11. Na3 cxd4 12. cxd4 a6 13. Qc3 e5 14. dxe5 dxe5
15. O-O-O Nc5 16. Bc2 Be6 17. Nc4 Bxc4 18. Qxc4 Rac8 19. Rd6 Ne6 20. Nc3 Qe3+
21. Kb1 Ncd4 22. Qd3 Nxc2 23. Qxc2 Nd4 24. Qd1 Rxc3 25. bxc3 Qxc3 26. Rb6 Nb5
27. Rxb5 axb5 28. Qc2 Rc8 29. Qxc3 Rxc3 30. Kb2 Re3 31. Rg1 f5 32. exf5 gxf5
33. Rc1 Re2+ 34. Rc2 Re3 35. Rc3 Re1 36. Rc1 Re2+ 37. Rc2 Re1 38. Rc1 Rxc1 39.
Kxc1 Kf6 40. Kd2 h5 41. h4 Ke6 42. g3 b4 43. Ke3 Kd5 44. g4 fxg4 45. fxg4 hxg4
46. h5 Ke6 0-1

[Event "10. OSIJEK OPEN"]
[Site "Osijek"]
[Date "2017.02.23"]
[Round "2.6"]
[White "Cajzler, Hinko"]
[Black "Dabic, Stjepan"]
[Result "1-0"]
[WhiteElo "2086"]
[BlackElo "1867"]
[PlyCount "77"]
[EventDate "2017.02.23"]

1. d4 c5 2. d5 Nf6 3. Nc3 d6 4. e4 g6 5. h3 Bg7 6. Nf3 O-O 7. Be2 a6 8. a4 Qc7
9. O-O Nbd7 10. Nd2 e5 11. dxe6 fxe6 12. Nc4 Ne8 13. a5 Ne5 14. Nb6 Rb8 15. f4
Nd7 16. Nca4 Nef6 17. Bf3 Nxb6 18. Nxb6 Rd8 19. Ra3 Bd7 20. Re1 Bc6 21. c4 Qe7
22. Bd2 e5 23. Nd5 Bxd5 24. exd5 Nd7 25. Bg4 Kh8 26. Bc3 Rf8 27. Bxd7 Qxd7 28.
fxe5 Qf5 29. e6 Rbe8 30. Bxg7+ Kxg7 31. Rf3 Qg5 32. Ref1 Rxf3 33. Qxf3 Kh6 34.
Qf7 Re7 35. Qf8+ Kh5 36. g4+ Kh4 37. Kg2 Qd2+ 38. Rf2 Qg5 39. Qf4 1-0

[Event "10. OSIJEK OPEN"]
[Site "Osijek"]
[Date "2017.02.23"]
[Round "2.8"]
[White "Kejzar, Petra"]
[Black "Turicar, Goran"]
[Result "1/2-1/2"]
[WhiteElo "2044"]
[BlackElo "1860"]
[PlyCount "72"]
[EventDate "2017.02.23"]

1. e4 c5 2. Nf3 e6 3. d4 cxd4 4. Nxd4 a6 5. Be3 Qc7 6. a3 Nf6 7. Nc3 Nc6 8. f4
Nxd4 9. Qxd4 Ng4 10. Qb6 Bd6 11. Qxc7 Bxc7 12. Bd2 Bb6 13. Nd1 O-O 14. h3 Nf6
15. Bd3 d5 16. e5 Nd7 17. Bb4 Re8 18. Nc3 f6 19. exf6 Nxf6 20. Bd6 Bd7 21. g4
Bc6 22. Rf1 Rad8 23. Be5 Nd7 24. Kd2 Nxe5 25. fxe5 Rf8 26. Ne2 Ba5+ 27. c3 Rxf1
28. Rxf1 d4 29. b4 dxc3+ 30. Nxc3 Bc7 31. Re1 a5 32. Kc2 axb4 33. axb4 h6 34.
Bc4 Kf7 35. b5 Bg2 36. Rg1 Bd5 1/2-1/2

[Event "10. OSIJEK OPEN"]
[Site "Osijek"]
[Date "2017.02.23"]
[Round "2.9"]
[White "Sos, Fran"]
[Black "Lovric, Petar"]
[Result "1/2-1/2"]
[WhiteElo "1863"]
[BlackElo "2035"]
[PlyCount "91"]
[EventDate "2017.02.23"]

1. d4 d5 2. c4 e6 3. Nc3 Nf6 4. Nf3 Be7 5. Bf4 c6 6. Qc2 Nbd7 7. g3 Qa5 8. Bd2
Qd8 9. b3 O-O 10. Bg2 b6 11. e4 dxe4 12. Nxe4 Nxe4 13. Qxe4 Bb7 14. Bc3 Rb8 15.
Qe2 c5 16. O-O Bxf3 17. Bxf3 Bf6 18. Rad1 Qc7 19. Qc2 cxd4 20. Bxd4 Bxd4 21.
Rxd4 Ne5 22. Qe4 Rbd8 23. Rfd1 Rxd4 24. Rxd4 Qc5 25. Bg2 Re8 26. Rd1 f5 27. Qd4
Qxd4 28. Rxd4 Kf7 29. f4 Ng4 30. Rd7+ Re7 31. Rd8 Rc7 32. Bf3 Nf6 33. Kf2 Ke7
34. Rd4 h6 35. h4 g6 36. Ke3 h5 37. b4 Nd7 38. a4 a5 39. bxa5 bxa5 40. Bd1 Nc5
41. Bc2 Rb7 42. Rd1 Rb8 43. Re1 Na6 44. Rb1 Rxb1 45. Bxb1 Kd6 46. Kd4 1/2-1/2

[Event "10. OSIJEK OPEN"]
[Site "Osijek"]
[Date "2017.02.23"]
[Round "2.10"]
[White "Cenkovcan, Andrija"]
[Black "Radikovic, Anamarija"]
[Result "1-0"]
[WhiteElo "2030"]
[BlackElo "1849"]
[PlyCount "69"]
[EventDate "2017.02.23"]

1. e4 d5 2. exd5 Nf6 3. Bb5+ Nbd7 4. Nc3 a6 5. Be2 Nb6 6. d4 Nbxd5 7. Nxd5 Qxd5
8. Nf3 e6 9. O-O c5 10. c4 Qd7 11. Be3 Ng4 12. Ne5 Nxe5 13. dxe5 Qc7 14. f4 Be7
15. Bf3 Bd7 16. a3 f6 17. exf6 Bxf6 18. Qe2 Qb6 19. Rab1 O-O 20. b4 Bd4 21.
Bxd4 cxd4 22. g3 Rae8 23. Rbd1 Bc6 24. Bxc6 bxc6 25. c5 Qd8 26. Qe4 e5 27. fxe5
Rxf1+ 28. Kxf1 Qg5 29. Qxd4 Rf8+ 30. Kg2 Qf5 31. Qe3 h5 32. h4 Qc2+ 33. Rd2 Qc1
34. e6 Re8 35. e7 1-0

[Event "10. OSIJEK OPEN"]
[Site "Osijek"]
[Date "2017.02.23"]
[Round "2.12"]
[White "Roklicer, Heike"]
[Black "Vidakovic, Mato"]
[Result "1/2-1/2"]
[WhiteElo "1992"]
[BlackElo "1838"]
[PlyCount "52"]
[EventDate "2017.02.23"]

1. d4 Nf6 2. c4 g6 3. Nc3 Bg7 4. e4 d6 5. h3 O-O 6. Nf3 e5 7. d5 Nbd7 8. Be3 b6
9. Be2 Nc5 10. Nd2 Ne8 11. g4 f5 12. gxf5 gxf5 13. Qc2 f4 14. Bxc5 bxc5 15. Nf3
Bd7 16. O-O-O Qc8 17. Rdg1 Kh8 18. Qd1 Nf6 19. Qf1 Rg8 20. h4 Qa6 21. a3 Qb7
22. Qd1 Rab8 23. Qd2 Bh6 24. Ng5 Rbf8 25. Qd1 Qc8 26. Bh5 Rg7 1/2-1/2

[Event "10. OSIJEK OPEN"]
[Site "Osijek"]
[Date "2017.02.23"]
[Round "2.13"]
[White "Tomasic, Dragutin"]
[Black "Oreskovic, Pero"]
[Result "1-0"]
[WhiteElo "1843"]
[BlackElo "1975"]
[PlyCount "95"]
[EventDate "2017.02.23"]

1. Nf3 b6 2. g3 Bb7 3. Bg2 e5 4. O-O e4 5. Nd4 c5 6. Nf5 g6 7. Ne3 d5 8. d4 Bg7
9. c3 Ne7 10. Na3 h5 11. h4 Nd7 12. Nac2 f5 13. c4 O-O 14. Nxd5 Nxd5 15. cxd5
cxd4 16. Nxd4 Bxd5 17. Bf4 Nc5 18. e3 Nd3 19. Bg5 Qd7 20. Qd2 Rac8 21. b3 a6
22. Rad1 Qc7 23. Qe2 Qc3 24. Rxd3 exd3 25. Bxd5+ Kh7 26. Qd1 Bxd4 27. exd4 Qxd4
28. Bc4 d2 29. Qxd2 Qxd2 30. Bxd2 b5 31. Be6 Rc2 32. Bb4 Re8 33. Bf7 Re5 34. a3
Kg7 35. Bd6 Ree2 36. Bd5 Kf6 37. Bf4 Ra2 38. Rc1 Rec2 39. Re1 Re2 40. Rxe2 Rxe2
41. a4 Re1+ 42. Kg2 Rd1 43. Bb7 bxa4 44. bxa4 a5 45. Bc6 Rd3 46. Bb5 Rb3 47.
Bd2 Ke5 48. Bxa5 1-0

[Event "10. OSIJEK OPEN"]
[Site "Osijek"]
[Date "2017.02.23"]
[Round "2.14"]
[White "Imsirovic, Alen"]
[Black "Cvijanovic, Srecko"]
[Result "1/2-1/2"]
[WhiteElo "1971"]
[BlackElo "1774"]
[PlyCount "99"]
[EventDate "2017.02.23"]

1. e4 e6 2. d4 d5 3. exd5 exd5 4. Bd3 Bd6 5. Nf3 Ne7 6. O-O Nbc6 7. c3 Bg4 8.
Be3 Qd7 9. b4 O-O 10. Nbd2 Bf5 11. Qc2 Bxd3 12. Qxd3 Qf5 13. Qxf5 Nxf5 14. Rfe1
Rfe8 15. g4 Nfe7 16. Nh4 Nd8 17. f4 f5 18. h3 Ne6 19. Ng2 g5 20. Rf1 Rf8 21.
gxf5 Nxf5 22. fxg5 Nxe3 23. Rxf8+ Rxf8 24. Nxe3 Bf4 25. Ndf1 Nxg5 26. Nxd5
Nxh3+ 27. Kg2 Ng5 28. Re1 Bd6 29. c4 c6 30. c5 Bxc5 31. bxc5 cxd5 32. Re5 Ne4
33. Rxd5 Nc3 34. Rg5+ Kf7 35. Rg3 Rg8 36. Rxg8 Kxg8 37. Ne3 Kf7 38. Nc4 Ke7 39.
Na5 b6 40. Nc6+ Kd7 41. Nxa7 bxc5 42. dxc5 Nxa2 43. Kf3 Nc3 44. Kf4 Nd5+ 45.
Ke5 Nb4 46. Kf5 Kc7 47. Nb5+ Kc6 48. Nd4+ Kxc5 49. Ne6+ Kd6 50. Nf8 1/2-1/2

[Event "10. OSIJEK OPEN"]
[Site "Osijek"]
[Date "2017.02.23"]
[Round "2.15"]
[White "Dzaferovic, Emir"]
[Black "Mravunac, Branko"]
[Result "0-1"]
[WhiteElo "1733"]
[BlackElo "1970"]
[PlyCount "40"]
[EventDate "2017.02.23"]

1. e4 d6 2. d4 Nf6 3. Nc3 c6 4. Bd3 Qb6 5. Nge2 e5 6. Bc4 Be7 7. a4 Qb4 8. Bb3
Nxe4 9. a5 exd4 10. Ra4 Nxc3 11. bxc3 Qc5 12. cxd4 Qh5 13. Qd3 O-O 14. O-O d5
15. c4 Bd6 16. Bf4 dxc4 17. Bxc4 Bxf4 18. Nxf4 Qg5 19. d5 Qxf4 20. dxc6 Nxc6
0-1

[Event "10. OSIJEK OPEN"]
[Site "Osijek"]
[Date "2017.02.23"]
[Round "2.16"]
[White "Rogulja, Marko"]
[Black "Oberman, Hotimir"]
[Result "0-1"]
[WhiteElo "1468"]
[BlackElo "1918"]
[PlyCount "78"]
[EventDate "2017.02.23"]

1. d4 Nf6 2. c4 e5 3. dxe5 Ne4 4. e3 Bb4+ 5. Bd2 Qe7 6. a3 Bxd2+ 7. Nxd2 Qxe5
8. Nxe4 Qxe4 9. Nf3 d6 10. Be2 Nc6 11. O-O Bf5 12. Re1 O-O 13. Qd5 Rae8 14.
Rad1 Ne7 15. Qxe4 Bxe4 16. c5 d5 17. Nd4 c6 18. b4 a6 19. a4 Nf5 20. Nxf5 Bxf5
21. b5 axb5 22. axb5 Ra8 23. Ra1 Bc2 24. Rec1 Ba4 25. b6 Ra5 26. Bd1 Rfa8 27.
Rxa4 Rxa4 28. Bxa4 Rxa4 29. Kf1 Kf8 30. Ke2 Ke7 31. Kf3 f5 32. Rd1 g5 33. Rd4
Ra5 34. g4 Rxc5 35. Rb4 fxg4+ 36. Rxg4 h6 37. h4 Kf6 38. hxg5+ hxg5 39. Rg1 Rb5
0-1

[Event "10. OSIJEK OPEN"]
[Site "Osijek"]
[Date "2017.02.23"]
[Round "2.18"]
[White "Kovacevic, Srecko"]
[Black "Mandaric, Fran"]
[Result "1-0"]
[WhiteElo "2070"]
[BlackElo "1643"]
[PlyCount "49"]
[EventDate "2017.02.23"]

1. d4 d5 2. Nf3 Nf6 3. e3 e6 4. Nbd2 Be7 5. Bd3 O-O 6. O-O b6 7. b3 Bb7 8. Bb2
Nbd7 9. Ne5 c5 10. Qf3 Nxe5 11. dxe5 Nd7 12. Qh3 h6 13. f4 Qc7 14. g4 Qc6 15.
g5 d4 16. gxh6 g6 17. Be4 Qc7 18. Bxg6 fxg6 19. Qxe6+ Rf7 20. Qxg6+ Kf8 21. h7
Ke8 22. h8=Q+ Nf8 23. e6 Qc6 24. exf7+ Kd8 25. Qxc6 1-0

[Event "10. OSIJEK OPEN"]
[Site "Osijek"]
[Date "2017.02.23"]
[Round "2.19"]
[White "Rendulic, Dragan"]
[Black "Maroslavac, Ivana"]
[Result "1-0"]
[WhiteElo "1742"]
[BlackElo "1731"]
[PlyCount "69"]
[EventDate "2017.02.23"]

1. d4 g6 2. e4 Bg7 3. Nf3 d6 4. Bc4 Nf6 5. Nc3 O-O 6. O-O Nxe4 7. Nxe4 d5 8.
Bxd5 Qxd5 9. Re1 Nc6 10. c3 h6 11. Bf4 Bf5 12. Ng3 Rac8 13. Ne5 Nxe5 14. Nxf5
Nc6 15. Nxe7+ Nxe7 16. Rxe7 Qc4 17. Qe2 Qc6 18. Re1 Kh7 19. Qg4 Rfe8 20. h3 Rf8
21. Qd7 Qxd7 22. Rxd7 b5 23. Ree7 Kg8 24. Rxc7 Rxc7 25. Rxc7 Ra8 26. a3 a6 27.
d5 Bf8 28. Rc6 a5 29. b4 axb4 30. axb4 Ra1+ 31. Kh2 Rd1 32. d6 Kg7 33. Be5+ Kg8
34. Bd4 Re1 35. d7 1-0

[Event "10. OSIJEK OPEN"]
[Site "Osijek"]
[Date "2017.02.23"]
[Round "2.20"]
[White "Berke, Ana"]
[Black "Krnic, Matija"]
[Result "1-0"]
[WhiteElo "2185"]
[BlackElo "1657"]
[PlyCount "155"]
[EventDate "2017.02.23"]

1. e4 c5 2. Nf3 d6 3. d4 cxd4 4. Nxd4 Nf6 5. f3 g6 6. c4 Bg7 7. Nc3 a6 8. Be2
O-O 9. Rb1 Bd7 10. Be3 Nc6 11. Nc2 Qc7 12. O-O Ne5 13. Na3 Rac8 14. Qd2 Rfd8
15. Rfc1 Bc6 16. Nd5 Bxd5 17. cxd5 Qb8 18. b4 b5 19. Nc2 Nfd7 20. Nd4 Nb6 21.
Nc6 Nxc6 22. dxc6 Rc7 23. Rc2 Nc8 24. a4 e6 25. Rbc1 Ne7 26. a5 Nc8 27. Qe1 d5
28. exd5 Rxd5 29. Qf2 Bf8 30. Bb6 Bxb4 31. f4 Rd2 32. Rxd2 Bxd2 33. Rd1 Rxc6
34. Rxd2 Nxb6 35. axb6 Rxb6 36. Qd4 a5 37. Qd8+ Kg7 38. Qd4+ Kg8 39. Qd8+ Kg7
40. Qxb8 Rxb8 41. Ra2 a4 42. Kf2 Kf6 43. Ke3 Ke7 44. Kd4 Kd6 45. Bd3 f6 46. g4
Kc6 47. h4 Rd8+ 48. Ke3 f5 49. g5 Kc5 50. h5 Kb4 51. Rb2+ Kc3 52. Rc2+ Kb3 53.
Rc7 gxh5 54. Bxb5 a3 55. Bc4+ Kb2 56. Rxh7 a2 57. Rb7+ Kc3 58. Bxa2 Rd3+ 59.
Kf2 Rd2+ 60. Kg3 Rxa2 61. Rd7 Ra1 62. Rd6 Re1 63. Kf2 Re4 64. Kf3 h4 65. Rd1
Ra4 66. g6 Ra7 67. Rd6 Re7 68. Kg2 e5 69. fxe5 Rxe5 70. g7 Re8 71. Kh3 Rg8 72.
Rd7 Kc4 73. Kxh4 Kc5 74. Kg5 Kc6 75. Rf7 Kd6 76. Kg6 f4 77. Rxf4 Ke6 78. Rf8
1-0

[Event "10. OSIJEK OPEN"]
[Site "Osijek"]
[Date "2017.02.23"]
[Round "2.21"]
[White "Trepsic, Zvonimir"]
[Black "Boban, Sten"]
[Result "0-1"]
[WhiteElo "1657"]
[BlackElo "2082"]
[PlyCount "46"]
[EventDate "2017.02.23"]

1. e4 e5 2. Nf3 Nc6 3. d4 exd4 4. Nxd4 Bc5 5. Nb3 Bb6 6. Nc3 Qf6 7. Qe2 Nge7 8.
a4 d6 9. a5 Nd4 10. Nxd4 Bxd4 11. Ra3 O-O 12. Be3 Be5 13. g3 Qg6 14. Bg2 c6 15.
f4 Bxc3+ 16. Rxc3 f5 17. Qc4+ Be6 18. Qb4 fxe4 19. Bxe4 Nd5 20. Qd4 Qh5 21. Rb3
Nxe3 22. Rxb7 Qxa5+ 23. Ke2 Qa6+ 0-1

[Event "10. OSIJEK OPEN"]
[Site "Osijek"]
[Date "2017.02.23"]
[Round "2.22"]
[White "Dragicevic, Ivica"]
[Black "Macanga, Branko"]
[Result "1-0"]
[WhiteElo "1655"]
[BlackElo "1900"]
[PlyCount "131"]
[EventDate "2017.02.23"]

1. Nf3 c5 2. c4 Nf6 3. Nc3 g6 4. d4 cxd4 5. Nxd4 Bg7 6. e4 d6 7. f3 Bd7 8. Be3
O-O 9. Qd2 Re8 10. Be2 Nc6 11. O-O Rc8 12. Rab1 a6 13. Nc2 Ne5 14. b3 Qc7 15.
Rfc1 b5 16. Nd5 Nxd5 17. cxd5 Qb7 18. Nd4 Rc5 19. h3 f6 20. f4 Nf7 21. g4 Rec8
22. Bf3 b4 23. Ne2 Rxc1+ 24. Rxc1 a5 25. Nd4 Nd8 26. Be2 f5 27. Rxc8 Qxc8 28.
exf5 gxf5 29. g5 Nb7 30. Bc4 Nc5 31. Qf2 Qe8 32. Qf3 Qg6 33. h4 h5 34. Be2 Be8
35. Nc6 Qf7 36. Nxa5 Ne4 37. Bc4 Bc3 38. Nc6 Qg7 39. Qd1 Qf7 40. Bb6 Nd2 41.
Qe2 Kf8 42. Nd8 Qg6 43. Qe6 Nf3+ 44. Kf2 Nxh4 45. Kg3 Be1+ 46. Bf2 Bxf2+ 47.
Kxf2 Qxe6 48. Nxe6+ Kg8 49. Nd4 Bd7 50. Nc2 Ng6 51. Ke3 Kf7 52. Nxb4 h4 53. Bf1
e5 54. dxe6+ Bxe6 55. Bg2 Ne7 56. Nd3 Kg6 57. Nf2 Nd5+ 58. Bxd5 Bxd5 59. Nh3
Bg2 60. Nf2 h3 61. Nxh3 Bxh3 62. a4 Bg2 63. b4 Bd5 64. b5 Bc4 65. Kd4 Bb3 66.
b6 1-0

[Event "10. OSIJEK OPEN"]
[Site "Osijek"]
[Date "2017.02.23"]
[Round "2.23"]
[White "Ljubicic, Ninoslav"]
[Black "Franc, Borna"]
[Result "1-0"]
[WhiteElo "1821"]
[BlackElo "1619"]
[PlyCount "77"]
[EventDate "2017.02.23"]

1. e4 e5 2. Nf3 Nc6 3. d4 exd4 4. Nxd4 Bc5 5. Nxc6 Qf6 6. Qe2 dxc6 7. Nc3 Ne7
8. Be3 Bxe3 9. Qxe3 Ng6 10. g3 O-O 11. O-O-O b5 12. Bg2 a5 13. f4 Rb8 14. Ne2
a4 15. Kb1 Ne7 16. Qc5 Bg4 17. e5 Qg6 18. Qxe7 Bxe2 19. Rd2 Bc4 20. Rhd1 h6 21.
Qxc7 Rfc8 22. Rd8+ Rxd8 23. Rxd8+ Rxd8 24. Qxd8+ Kh7 25. Qd4 Be6 26. Be4 Bf5
27. Bxf5 Qxf5 28. Qd3 Kg6 29. Kc1 Qxd3 30. cxd3 Kf5 31. Kd2 Kg4 32. Ke3 Kh3 33.
f5 Kxh2 34. e6 Kxg3 35. exf7 h5 36. f8=Q h4 37. Qxg7+ Kh2 38. Kf2 h3 39. Qg1#
1-0

[Event "10. OSIJEK OPEN"]
[Site "Osijek"]
[Date "2017.02.23"]
[Round "2.24"]
[White "Jakovljevic, Tadija"]
[Black "Mutapcic, Ilija"]
[Result "1/2-1/2"]
[WhiteElo "1643"]
[BlackElo "1817"]
[PlyCount "57"]
[EventDate "2017.02.23"]

1. e4 e5 2. Nc3 Nc6 3. f4 Bc5 4. Nf3 d6 5. Na4 Bb6 6. Nxb6 axb6 7. Bb5 Bg4 8.
O-O Nf6 9. d3 O-O 10. Bxc6 bxc6 11. fxe5 dxe5 12. Bg5 h6 13. Bh4 g5 14. Bg3 Re8
15. Qd2 Bxf3 16. Rxf3 Nxe4 17. Qe1 Nxg3 18. Qxg3 Qd4+ 19. Kh1 Qxb2 20. Raf1
Rxa2 21. h4 Ra1 22. hxg5 Rxf1+ 23. Rxf1 Re6 24. gxh6+ Rg6 25. Qh2 Qd4 26. h7+
Kh8 27. Qh3 Rg4 28. g3 Qd5+ 29. Kh2 1/2-1/2

[Event "10. OSIJEK OPEN"]
[Site "Osijek"]
[Date "2017.02.23"]
[Round "2.25"]
[White "Damjanovic, Stjepan"]
[Black "Zagorscak, Dino"]
[Result "0-1"]
[WhiteElo "1617"]
[BlackElo "1811"]
[PlyCount "156"]
[EventDate "2017.02.23"]

1. e4 e6 2. d4 d5 3. exd5 exd5 4. Bd3 Bd6 5. Nc3 Ne7 6. h3 c6 7. Nf3 Bf5 8. O-O
O-O 9. Bg5 f6 10. Be3 Qc7 11. Re1 Nd7 12. Qd2 Rfe8 13. Rad1 b5 14. Ne2 Nb6 15.
b3 a5 16. Ng3 Bxg3 17. fxg3 Bxd3 18. Bf4 Qd7 19. Qxd3 Ng6 20. Bd2 Rxe1+ 21.
Rxe1 a4 22. Bb4 Re8 23. Rxe8+ Qxe8 24. Kf2 Kf7 25. Qf5 h6 26. Ng1 Qe6 27. Qxe6+
Kxe6 28. Ne2 axb3 29. axb3 Nc8 30. Nf4+ Nxf4 31. gxf4 g6 32. g4 Nb6 33. Kf3 Nd7
34. c3 f5 35. Ba3 Nf6 36. Bb2 Ne4 37. b4 Kf6 38. Ba1 Nd2+ 39. Kg3 Nc4 40. Kf3
g5 41. Kg3 gxf4+ 42. Kxf4 fxg4 43. Kxg4 Kg6 44. h4 h5+ 45. Kf4 Kf6 46. Kg3 Kf5
47. Kf3 Nd2+ 48. Kg3 Ke4 49. Bb2 Kd3 50. Bc1 Kxc3 51. Bxd2+ Kxd2 52. Kf4 Kc3
53. Kg5 Kxb4 54. Kxh5 Kc3 55. Kg5 b4 56. h5 b3 57. h6 b2 58. h7 b1=Q 59. h8=Q
Qg1+ 60. Kf5 Qxd4 61. Qc8 c5 62. Qa8 Qe4+ 63. Kg5 c4 64. Qa3+ Kd4 65. Qa7+ Kd3
66. Qa3+ c3 67. Qa6+ Kd2 68. Qa5 d4 69. Qb4 Qe3+ 70. Kg4 d3 71. Kf5 Qe1 72. Kg4
Qe6+ 73. Kg3 Kc2 74. Qa4+ Qb3 75. Qe4 Kb2 76. Kf2 d2 77. Qd3 d1=Q 78. Qxd1 Qxd1
0-1

[Event "10. OSIJEK OPEN"]
[Site "Osijek"]
[Date "2017.02.23"]
[Round "2.26"]
[White "Mrgan, Franjo"]
[Black "Borzan, Matej"]
[Result "1-0"]
[WhiteElo "1805"]
[BlackElo "1556"]
[PlyCount "51"]
[EventDate "2017.02.23"]

1. e4 e5 2. Nc3 Nc6 3. g3 Nf6 4. d3 h6 5. Bg2 Bb4 6. Nge2 d6 7. O-O Be6 8. h3
O-O 9. Be3 Re8 10. Qd2 d5 11. exd5 Bxd5 12. a3 Bxg2 13. Kxg2 Bd6 14. Rae1 Rc8
15. f4 a6 16. f5 Be7 17. g4 h5 18. g5 Nh7 19. f6 gxf6 20. gxf6 Bf8 21. Bh6 h4
22. Kh2 Nd4 23. Bxf8 Ne6 24. Qh6 Nhxf8 25. Rg1+ Ng6 26. Rxg6+ 1-0

[Event "10. OSIJEK OPEN"]
[Site "Osijek"]
[Date "2017.02.23"]
[Round "2.27"]
[White "Kovac, Petar"]
[Black "Ristanic, Petar"]
[Result "1-0"]
[WhiteElo "1409"]
[BlackElo "1787"]
[PlyCount "83"]
[EventDate "2017.02.23"]

1. d4 d5 2. c4 c6 3. Nc3 Nf6 4. Nf3 Bf5 5. a3 a5 6. Bf4 e6 7. e3 Nbd7 8. Be2
Be7 9. O-O O-O 10. Rc1 dxc4 11. Bxc4 Nb6 12. Bb3 Nbd5 13. Bxd5 Nxd5 14. Bg3 Bg4
15. Ne4 Qb6 16. Rb1 Bf5 17. Qc2 Bg6 18. Ne5 Bxe4 19. Qxe4 f5 20. Qf3 Rfd8 21.
Rfd1 a4 22. Qh5 g6 23. Nxg6 hxg6 24. Qxg6+ Kf8 25. Be5 Bf6 26. Bxf6 Nxf6 27.
Qxf6+ Kg8 28. Qxe6+ Kg7 29. Qxf5 Rd5 30. Qg4+ Kf7 31. h4 Rb5 32. Qe2 Raa5 33.
Rdc1 Rb3 34. Qc4+ Kg7 35. e4 Rxb2 36. Rxb2 Qxb2 37. Qc3 Qb5 38. d5+ Kh7 39.
dxc6 bxc6 40. Qxc6 Qh5 41. Qd7+ Kh6 42. Rc6+ 1-0

[Event "10. OSIJEK OPEN"]
[Site "Osijek"]
[Date "2017.02.23"]
[Round "2.28"]
[White "Biljcevic, Miodrag"]
[Black "Juric, Ester"]
[Result "1-0"]
[WhiteElo "1780"]
[BlackElo "1455"]
[PlyCount "51"]
[EventDate "2017.02.23"]

1. d4 d5 2. c4 Nf6 3. cxd5 Nxd5 4. Nc3 e6 5. e4 Nb6 6. a3 Nc6 7. Nf3 Bd7 8. Bd3
Be7 9. O-O O-O 10. e5 Be8 11. Bc2 f6 12. exf6 Bxf6 13. Be3 Bf7 14. Ne4 Be7 15.
Bg5 h6 16. Bxe7 Qxe7 17. Nc5 Rab8 18. Qd3 g6 19. Rfe1 Nd5 20. b4 Nf6 21. b5 Nd8
22. Ne5 g5 23. Nxf7 Rxf7 24. Bb3 Rg7 25. Nxe6 Nxe6 26. Rxe6 1-0

[Event "10. OSIJEK OPEN"]
[Site "Osijek"]
[Date "2017.02.23"]
[Round "2.29"]
[White "Juric, Matea"]
[Black "Kajic, Josip"]
[Result "0-1"]
[WhiteElo "1312"]
[BlackElo "1733"]
[PlyCount "42"]
[EventDate "2017.02.23"]

1. e4 c6 2. Nf3 d5 3. Nc3 Bg4 4. Be2 e6 5. d3 Nf6 6. h3 Bxf3 7. Bxf3 Nbd7 8.
Be3 Ne5 9. a3 d4 10. Bxd4 Qxd4 11. Be2 Bc5 12. Rf1 O-O 13. f4 Ng6 14. g3 Qe3
15. Rf3 Qg1+ 16. Bf1 Qd4 17. Qd2 Rfd8 18. a4 Bb4 19. a5 Nxe4 20. Qc1 Nxc3 21.
bxc3 Bxc3+ 0-1